000 00584nam a22001937a 4500
999 _c176024
_d176024
005 20201019154922.0
010 _aENG-128582
020 _a9788187649182
_c295.00
035 _aEN-112114
037 _bDBAD/PUB
082 _aN
100 _aKambar, Chandrasekhar
245 _aSingarevva and the Palace/
_cby Chandrasekhar Kambar; translated by Laxmi Chandrashekhar
260 _aNew Delhi
_bKatha
_c2002
270 _aA-3 Sarvodaya Enclave, Sri Aurbindo Marg
_bNew Delhi
_e110017
300 _a211p..
_c22cm(pbk)
700 _aChandrashekar, Laxmi
942 _2ddc
_cEN
_hN
_mKAM